Does IMF financing result in moral hazard?

Salvato in:
Dettagli Bibliografici
Autore principale: Lane, Timothy
Altri autori: Phillips, Steven
Natura: Libro
Lingua:inglese
Pubblicazione: Washington International Monetary Fund 2000
Serie:IMF Working Paper WP/00/168
Soggetti:
Tags: Aggiungi Tag
Nessun Tag, puoi essere il primo ad aggiungerne!!

MARC

LEADER 00000nam a2200000 4500
001 c124424
005 20221108093041.9
041 0 |a eng 
044 |a US 
245 1 0 |a Does IMF financing result in moral hazard?  |c Timothy Lane and Steven Phillips 
264 1 |a Washington  |b International Monetary Fund  |c 2000 
300 |a 38 s. 
490 1 |a IMF Working Paper  |v WP/00/168 
830 0 |a IMF Working Paper  |v WP/00/168 
610 2 0 |a morálka 
610 2 0 |a hazard morálny 
610 2 0 |a financovanie 
610 2 0 |a organizácie medzinárodné 
610 2 0 |a Medzinárodný menový fond 
100 1 |a Lane, Timothy 
700 1 |a Phillips, Steven